000
00291nam a2200121Ia 4500
008
220216s9999 xx 000 0 und d
100
_a
Rejikumar R
245
0
_a
D.R.C nirnayam: Puthiya pareekshanangal
260
_b
Rubber
_c
2009
300
_a
35-36
700
_a
Philip Jacob
942
_c
BS
999
_c
51404
_d
51404